000 00702nam a22002057a 4500
999 _c18872
_d18872
003 AR-CdUCM
008 190515b ||||| |||| 00| 0 spa d
040 _aMUNICIPALIDAD PROVINCIAL DEL CUSCO
_cBIBLIOTECA MUNICIPAL DEL CUSCO
082 _a185 /
_bB85
100 _aBrun, Jean.
_939761
245 _aAristóteles y el Liceo /
260 _aBuenos Aires :
_bEUDEBA,
_c1963.
300 _a63 páginas ;
_c25 cm.
440 _aCuaderno de EUDEBA.
_n77.
_939762
505 _aContenido : Aristóteles y el Liceo -- La filosofía de Aristóteles -- El Aristotelismo y su destino ...
650 _aFilosofía.
_9395
650 _aAristóteles.
_939763
942 _2ddc
_cLIBROS
945 _arum
_d2019-05-15